|
|
|
|
| LEADER |
00000nam0a2200000 4500 |
| 001 |
304871 |
| 005 |
20231102001738.0 |
| 035 |
|
|
|a (RuTPU)RU\TPU\book\330118
|
| 035 |
|
|
|a RU\TPU\book\277458
|
| 090 |
|
|
|a 304871
|
| 100 |
|
|
|a 20140325d1982 k y0rusy50 ca
|
| 101 |
0 |
|
|a rus
|
| 102 |
|
|
|a GE
|
| 105 |
|
|
|a y z 011zb
|
| 200 |
1 |
|
|a Граничные задачи теории аналитических функций и сингулярные интегральные уравнения
|e сборник работ, посвященных 90-летию академика Н. И. Мусхелишвили
|f Академия наук Грузинской ССР (АН ГрузССР), Тбилисский математический институт им. А. М. Размадзе ; под ред. Б. В. Хведелидзе
|
| 210 |
|
|
|a Тбилиси
|c Мецниереба
|d 1982
|
| 215 |
|
|
|a 163 с.
|
| 225 |
1 |
|
|a Труды Тбилисского математического института им. А. М. Размадзе
|v Т. 69
|
| 320 |
|
|
|a Библиогр. в конце ст.
|
| 600 |
|
1 |
|a Мусхелишвили
|b Н. И.
|c механик
|c математик
|f 1891-1976
|g Николай Иванович
|2 stltpush
|3 (RuTPU)RU\TPU\pers\25450
|9 11392
|
| 606 |
1 |
|
|a Функции
|x Геометрическая теория
|2 stltpush
|3 (RuTPU)RU\TPU\subj\17034
|9 42885
|
| 610 |
1 |
|
|a аналитические функции
|
| 610 |
1 |
|
|a граничные задачи
|
| 610 |
1 |
|
|a сингулярные уравнения
|
| 610 |
1 |
|
|a интегральные уравнения
|
| 610 |
1 |
|
|a многоугольники
|
| 610 |
1 |
|
|a интегральные операторы
|
| 610 |
1 |
|
|a интеграл Коши
|
| 675 |
|
|
|a 517.54
|v 4
|
| 702 |
|
1 |
|a Хведелидзе
|b Б. В.
|4 340
|
| 712 |
0 |
2 |
|a Академия наук Грузинской ССР (АН ГрузССР)
|b Тбилисский математический институт им. А. М. Размадзе
|2 stltpush
|3 (RuTPU)RU\TPU\col\19405
|
| 801 |
|
0 |
|a RU
|b RuMRKP
|c 19950704
|g psbo
|
| 801 |
|
1 |
|a RU
|b 63413507
|c 20150919
|
| 801 |
|
2 |
|a RU
|b 63413507
|c 20171006
|g RCR
|
| 942 |
|
|
|c BK
|